Entry Personal Name
Number of records used in: 1
001 - CONTROL NUMBER
003 - CONTROL NUMBER IDENTIFIER
005 - DATE AND TIME OF LATEST TRANSACTION
- control field:
20200120140058.0
008 - FIXED-LENGTH DATA ELEMENTS
- fixed length control field:
990503n| acannaabn |a aaa
010 ## - LIBRARY OF CONGRESS CONTROL NUMBER
- LC control number:
n 99032915
- Canceled/invalid LC control number:
no 00015733
040 ## - CATALOGING SOURCE
- Original cataloging agency:
DLC
- Language of cataloging:
eng
- Transcribing agency:
DLC
- Modifying agency:
DLC
100 1# - HEADING--PERSONAL NAME
- Personal name:
Simchi-Levi, Edith
400 1# - SEE FROM TRACING--PERSONAL NAME
- Personal name:
Levi, Edith Simchi-
670 ## - SOURCE DATA FOUND
- Source citation:
Designing and managing the supply chain, 2000:
- Information found:
CIP t.p. (Edith Simchi-Levi; pres., LogicTools, Inc., Northbrook, Ill.) bk., p. v (B.S., math./computer sci., Tel-Aviv Univ.)